00433nam a2200145Ia 4500008004100000041000900041082001800050100001900068245002400087260004800111300000800159650000800167999001700175952009500192230718s9999 xx 000 0 und d aEng. a348.34bCHI-A aChitaly , S. W 0aAll India Reportero aPakistanbAll Pakistan legal decisionc2013 a256 aLaw c30149d30149 00104070aSIRC-LbSIRC-Ld2023-07-18l0o348.34 CHI-Ap25100r2023-07-18w2023-07-18yBK